Countries That Don't Have a UN Official Language - Statistics

General Stats
  • This quiz has been taken 897 times
  • The average score is 48 of 69
Answer Stats
Country % Correct
Japan
85%
Sweden
85%
Finland
84%
Norway
83%
Albania
82%
South Korea
82%
Greece
81%
Indonesia
81%
North Korea
81%
Denmark
80%
Vietnam
80%
Croatia
79%
Lithuania
79%
Serbia
79%
Turkey
79%
Estonia
78%
Laos
78%
Latvia
78%
Slovenia
78%
Cambodia
77%
Slovakia
77%
Thailand
77%
Afghanistan
76%
Netherlands
76%
Poland
76%
Armenia
75%
Czech Republic
75%
Germany
75%
Italy
75%
Romania
75%
Azerbaijan
74%
Bosnia & Herzegovina
74%
Iran
74%
Myanmar
74%
Austria
73%
Bulgaria
73%
Hungary
73%
Iceland
73%
Ukraine
73%
Malaysia
72%
Bhutan
71%
Kosovo
70%
Montenegro
70%
Nepal
70%
Turkmenistan
70%
Uzbekistan
70%
Andorra
69%
Tajikistan
69%
Vatican City
69%
Georgia
68%
Moldova
68%
Mongolia
68%
Bangladesh
67%
San Marino
67%
Cyprus
66%
Macedonia
66%
Brunei
62%
Ethiopia
61%
Liechtenstein
60%
Sri Lanka
60%
United States
59%
Maldives
57%
Taiwan
55%
China
44%
Australia
43%
Suriname
38%
Mexico
32%
Mauritius
30%
Botswana
28%
No matching quizzes found
Score Distribution
Percent of People with Each Score
Percentile by Number Answered
Your Score History
You have not taken this quiz